01651 2200349 4500001002100000005001500021035002000036008004100056020001800097041000800115082001100123084001500134100004800149245011800197260005900315300002600374520050600400650004200906650005300948990002501001990002501026990002501051990002501076990002501101990002501126990002501151990002501176990002501201990002501226990002501251990002501276INLIS00000000000266320221027022223 a0010-0520002663221027 | | eng  a90-411-2593-4 aeng a340.55 a340.55 PRI0 aPrivate Law and The Many Cultures of Europe1 aPrivate Law and The Many Cultures of Europe /cEdited by Thomas Wilhelmsson, Elina Paunio, and Annika Pohjolainen aAlphen aan den Rijn :bKluwer Law International,c2007 axxi, 436 p. ;c25 cm. aThis book contains a selection of the contributions to an international conference on private law and the many cultures of europe in august 2006. The conference was organized at the University of Helsinki by the research project private law in a multicultural and multilingual European Society. The Project and The Conference have been funded by academy of Finland. The book looks primarly at the relevance of cultural variations within the Europe Union with regard to European harmonization projects. 4aCivil Law -- Europe -- Social aspects 4aCivil Law -- Europe -- International Unification a10158/MKRI-P/X1-2008 a10159/MKRI-P/X1-2008 a10186/MKRI-P/X1-2008 a10186/MKRI-P/X1-2008 a10158/MKRI-P/X1-2008 a10159/MKRI-P/X1-2008 a10159/MKRI-P/X1-2008 a10158/MKRI-P/X1-2008 a10186/MKRI-P/X1-2008 a10158/MKRI-P/X1-2008 a10159/MKRI-P/X1-2008 a10186/MKRI-P/X1-2008